Liverpool Players Since 1992 - Statistics

General Stats
  • This quiz has been taken 77 times
  • The average score is 532 of 996
Answer Stats
% Correct
2004/05 (Premier League - 5th) Spain RM 25 Antonio Núñez 27 1
100%
2024/25 (Premier League - 1st) Uruguay ST 25 Darwin Núñez 43 7
100%
2023/24 (Premier League - 3rd) Uruguay ST 24 Darwin Núñez 54 18
100%
2022/23 (Premier League - 5th) Uruguay ST 23 Darwin Núñez 42 15
100%
2024/25 (Premier League - 1st) Egypt RW 32 Mohamed Salah 48 33
100%
2023/24 (Premier League - 3rd) Egypt RW 31 Mohamed Salah 44 25
100%
2022/23 (Premier League - 5th) Egypt RW 30 Mohamed Salah 51 30
100%
2021/22 (Premier League - 2nd) Egypt RW 29 Mohamed Salah 51 31
100%
2020/21 (Premier League - 3rd) Egypt RW 28 Mohamed Salah 51 31
100%
2019/20 (Premier League - 1st) Egypt RW 27 Mohamed Salah 48 23
100%
2018/19 (Premier League - 2nd) Egypt RW 26 Mohamed Salah 52 27
100%
2017/18 (Premier League - 4th) Egypt RW 25 Mohamed Salah 52 44
100%
2024/25 (Premier League - 1st) Netherlands CB 33 Virgil van Dijk 46 4
100%
2023/24 (Premier League - 3rd) Netherlands CB 31 Virgil van Dijk 48 4
100%
2022/23 (Premier League - 5th) Netherlands CB 30 Virgil van Dijk 41 3
100%
2021/22 (Premier League - 2nd) Netherlands CB 29 Virgil van Dijk 51 3
100%
2020/21 (Premier League - 3rd) Netherlands CB 28 Virgil van Dijk 8 1
100%
2019/20 (Premier League - 1st) Netherlands CB 27 Virgil van Dijk 50 5
100%
2018/19 (Premier League - 2nd) Netherlands CB 26 Virgil van Dijk 50 6
100%
2017/18 (Premier League - 4th) Netherlands CB 25 Virgil van Dijk 22 1
100%
2024/25 (Premier League - 1st) Brazil GK 32 Alisson Becker 31
98%
2023/24 (Premier League - 3rd) Brazil GK 30 Alisson Becker 32
98%
2022/23 (Premier League - 5th) Brazil GK 29 Alisson Becker 47
98%
2021/22 (Premier League - 2nd) Brazil GK 28 Alisson Becker 54
98%
2020/21 (Premier League - 3rd) Brazil GK 27 Alisson Becker 42 1
98%
2019/20 (Premier League - 1st) Brazil GK 26 Alisson Becker 37
98%
2018/19 (Premier League - 2nd) Brazil GK 25 Alisson Becker 51
98%
2024/25 (Premier League - 1st) Colombia LW 28 Luis Díaz 47 16
98%
2023/24 (Premier League - 3rd) Colombia LW 26 Luis Díaz 51 13
98%
2022/23 (Premier League - 5th) Colombia LW 25 Luis Díaz 21 5
98%
2021/22 (Premier League - 2nd) Colombia LW 24 Luis Díaz 26 6
98%
2024/25 (Premier League - 1st) Argentina CM 26 Alexis Mac Allister 47 7
97%
2023/24 (Premier League - 3rd) Argentina CM 24 Alexis Mac Allister 46 7
97%
2024/25 (Premier League - 1st) Scotland LB 31 Andrew Robertson 43
97%
2023/24 (Premier League - 3rd) Scotland LB 29 Andrew Robertson 30 3
97%
2022/23 (Premier League - 5th) Scotland LB 28 Andrew Robertson 43
97%
2021/22 (Premier League - 2nd) Scotland LB 27 Andrew Robertson 47 3
97%
2020/21 (Premier League - 3rd) Scotland LB 26 Andrew Robertson 50 1
97%
2019/20 (Premier League - 1st) Scotland LB 25 Andrew Robertson 49 3
97%
2018/19 (Premier League - 2nd) Scotland LB 24 Andrew Robertson 48
97%
2017/18 (Premier League - 4th) Scotland LB 23 Andrew Robertson 30 1
97%
2024/25 (Premier League - 1st) Netherlands LW 25 Cody Gakpo 45 17
97%
2023/24 (Premier League - 3rd) Netherlands LW 24 Cody Gakpo 53 16
97%
2022/23 (Premier League - 5th) Netherlands LW 23 Cody Gakpo 26 7
97%
2024/25 (Premier League - 1st) Portugal ST 28 Diogo Jota 34 9
97%
2023/24 (Premier League - 3rd) Portugal ST 26 Diogo Jota 32 15
97%
2022/23 (Premier League - 5th) Portugal ST 25 Diogo Jota 28 7
97%
2021/22 (Premier League - 2nd) Portugal ST 24 Diogo Jota 55 21
97%
2020/21 (Premier League - 3rd) Portugal ST 23 Diogo Jota 30 13
97%
2022/23 (Premier League - 5th) Brazil ST 30 Roberto Firmino 35 13
97%
2021/22 (Premier League - 2nd) Brazil ST 29 Roberto Firmino 35 11
97%
2020/21 (Premier League - 3rd) Brazil ST 28 Roberto Firmino 48 9
97%
2019/20 (Premier League - 1st) Belgium ST 27 Roberto Firmino 52 12
97%
2018/19 (Premier League - 2nd) Brazil ST 26 Roberto Firmino 48 16
97%
2017/18 (Premier League - 4th) Brazil ST 25 Roberto Firmino 54 27
97%
2016/17 (Premier League - 4th) Brazil ST 24 Roberto Firmino 41 12
97%
2015/16 (Premier League - 8th) Brazil AM 23 Roberto Firmino 49 11
97%
2021/22 (Premier League - 2nd) Senegal LW 29 Sadio Mané 51 23
97%
2020/21 (Premier League - 3rd) Senegal LW 28 Sadio Mané 48 16
97%
2019/20 (Premier League - 1st) Senegal LW 27 Sadio Mané 47 22
97%
2018/19 (Premier League - 2nd) Senegal LW 26 Sadio Mané 50 26
97%
2017/18 (Premier League - 4th) Senegal LW 25 Sadio Mané 44 20
97%
2016/17 (Premier League - 4th) Senegal LW 24 Sadio Mané 29 13
97%
2024/25 (Premier League - 1st) England RB 26 Trent Alexander-Arnold 41 4
97%
2023/24 (Premier League - 3rd) England RB 24 Trent Alexander-Arnold 37 3
97%
2022/23 (Premier League - 5th) England RB 23 Trent Alexander-Arnold 47 4
97%
2021/22 (Premier League - 2nd) England RB 22 Trent Alexander-Arnold 47 2
97%
2020/21 (Premier League - 3rd) England RB 21 Trent Alexander-Arnold 45 2
97%
2019/20 (Premier League - 1st) England RB 20 Trent Alexander-Arnold 49 4
97%
2018/19 (Premier League - 2nd) England RB 19 Trent Alexander-Arnold 40 1
97%
2017/18 (Premier League - 4th) England RB 18 Trent Alexander-Arnold 33 3
97%
2016/17 (Premier League - 4th) England RB 17 Trent Alexander-Arnold 12
97%
2022/23 (Premier League - 5th) England CM 32 Jordan Henderson 43
95%
2021/22 (Premier League - 2nd) England CM 31 Jordan Henderson 57 3
95%
2020/21 (Premier League - 3rd) England CM 30 Jordan Henderson 28 1
95%
2019/20 (Premier League - 1st) England CM 29 Jordan Henderson 40 4
95%
2018/19 (Premier League - 2nd) England CM 28 Jordan Henderson 44 1
95%
2017/18 (Premier League - 4th) England CM 27 Jordan Henderson 41 1
95%
2016/17 (Premier League - 4th) England CM 26 Jordan Henderson 27 1
95%
2015/16 (Premier League - 8th) England CM 25 Jordan Henderson 26 2
95%
2014/15 (Premier League - 6th) England CM 24 Jordan Henderson 54 7
95%
2013/14 (Premier League - 2nd) England CM 23 Jordan Henderson 40 5
95%
2012/13 (Premier League - 7th) England CM 22 Jordan Henderson 44 6
95%
2011/12 (Premier League - 8th) England CM 21 Jordan Henderson 48 2
95%
2014/15 (Premier League - 6th) England CM 34 Steven Gerrard 41 13
95%
2013/14 (Premier League - 2nd) England CM 33 Steven Gerrard 39 14
95%
2012/13 (Premier League - 7th) England CM 32 Steven Gerrard 46 11
95%
2011/12 (Premier League - 8th) England CM 31 Steven Gerrard 28 8
95%
2010/11 (Premier League - 6th) England CM 30 Steven Gerrard 24 8
95%
2009/10 (Premier League - 7th) England CM 29 Steven Gerrard 49 12
95%
2008/09 (Premier League - 2nd) England CM 28 Steven Gerrard 44 24
95%
2007/08 (Premier League - 4th) England CM 27 Steven Gerrard 52 21
95%
2006/07 (Premier League - 3rd) England CM 26 Steven Gerrard 51 11
95%
2005/06 (Premier League - 3rd) England CM 25 Steven Gerrard 53 23
95%
2004/05 (Premier League - 5th) England CM 24 Steven Gerrard 43 13
95%
2003/04 (Premier League - 4th) England CM 23 Steven Gerrard 47 6
95%
2002/03 (Premier League - 5th) England CM 22 Steven Gerrard 54 7
95%
2001/02 (Premier League - 2nd) England CM 21 Steven Gerrard 45 4
95%
2000/01 (Premier League - 3rd) England CM 20 Steven Gerrard 50 10
95%
1999/00 (Premier League - 4th) England CM 19 Steven Gerrard 31 1
95%
1998/99 (Premier League - 7th) England CM 18 Steven Gerrard 13
95%
2014/15 (Premier League - 6th) Australia GK 32 Brad Jones 5
93%
2013/14 (Premier League - 2nd) Australia GK 31 Brad Jones 3
93%
2012/13 (Premier League - 7th) Australia GK 30 Brad Jones 15
93%
2011/12 (Premier League - 8th) Australia GK 29 Brad Jones 2
93%
2010/11 (Premier League - 6th) Australia GK 28 Brad Jones 2
93%
2024/25 (Premier League - 1st) England CM 24 Curtis Jones 42 3
93%
2023/24 (Premier League - 3rd) England CM 22 Curtis Jones 36 5
93%
2022/23 (Premier League - 5th) England CM 21 Curtis Jones 23 3
93%
2021/22 (Premier League - 2nd) England CM 20 Curtis Jones 27 1
93%
2020/21 (Premier League - 3rd) England CM 19 Curtis Jones 34 4
93%
2019/20 (Premier League - 1st) England CM 18 Curtis Jones 12 3
93%
2018/19 (Premier League - 2nd) England CM 17 Curtis Jones 1
93%
1996/97 (Premier League - 4th) Wales ST 23 Lee Jones 2
93%
1994/95 (Premier League - 4th) Wales ST 21 Lee Jones 2
93%
2003/04 (Premier League - 4th) Wales GK 36 Paul Jones 2
93%
1997/98 (Premier League - 3rd) England RB 25 Rob Jones 26
93%
1996/97 (Premier League - 4th) England RB 24 Rob Jones 3
93%
1995/96 (Premier League - 3rd) England RB 23 Rob Jones 47
93%
1994/95 (Premier League - 4th) England RB 22 Rob Jones 46
93%
1993/94 (Premier League - 8th) England RB 21 Rob Jones 45
93%
1992/92 (Premier League - 6th) England RB 20 Rob Jones 37
93%
2024/25 (Premier League - 1st) Japan DM 32 Wataru Endō 29
93%
2023/24 (Premier League - 3rd) Japan DM 30 Wataru Endō 43 2
93%
2024/25 (Premier League - 1st) France CB 25 Ibrahima Konaté 39 2
92%
2023/24 (Premier League - 3rd) France CB 24 Ibrahima Konaté 37
92%
2022/23 (Premier League - 5th) France CB 23 Ibrahima Konaté 24
92%
2021/22 (Premier League - 2nd) France CB 22 Ibrahima Konaté 29 3
92%
2023/24 (Premier League - 3rd) Cameroon CB 31 Joël Matip 14
92%
2022/23 (Premier League - 5th) Cameroon CB 30 Joël Matip 21 2
92%
2021/22 (Premier League - 2nd) Cameroon CB 29 Joël Matip 43 3
92%
2020/21 (Premier League - 3rd) Cameroon CB 28 Joël Matip 12 1
92%
2019/20 (Premier League - 1st) Cameroon CB 27 Joël Matip 13 2
92%
2018/19 (Premier League - 2nd) Cameroon CB 26 Joël Matip 31 1
92%
2017/18 (Premier League - 4th) Cameroon CB 25 Joël Matip 35 1
92%
2016/17 (Premier League - 4th) Cameroon CB 24 Joël Matip 32 1
92%
2024/25 (Premier League - 1st) Hungary CM 24 Dominik Szoboszlai 45 7
90%
2023/24 (Premier League - 3rd) Hungary CM 22 Dominik Szoboszlai 45 7
90%
2022/23 (Premier League - 5th) Brazil DM 28 Fabinho 49
90%
2021/22 (Premier League - 2nd) Brazil DM 27 Fabinho 48 8
90%
2020/21 (Premier League - 3rd) Brazil DM 26 Fabinho 42
90%
2019/20 (Premier League - 1st) Brazil DM 25 Fabinho 39 2
90%
2018/19 (Premier League - 2nd) Brazil DM 24 Fabinho 41 1
90%
2022/23 (Premier League - 5th) England CM 36 James Milner 43
90%
2021/22 (Premier League - 2nd) England CM 35 James Milner 39
90%
2020/21 (Premier League - 3rd) England CM 34 James Milner 36
90%
2019/20 (Premier League - 1st) England CM 33 James Milner 37 4
90%
2018/19 (Premier League - 2nd) England CM 32 James Milner 45 7
90%
2017/18 (Premier League - 4th) England CM 31 James Milner 47 1
90%
2016/17 (Premier League - 4th) England CM 30 James Milner 40 7
90%
2015/16 (Premier League - 8th) England CM 29 James Milner 45 7
90%
2024/25 (Premier League - 1st) England CB 27 Joe Gomez 17
90%
2023/24 (Premier League - 3rd) England CB 26 Joe Gomez 51
90%
2022/23 (Premier League - 5th) England CB 25 Joe Gomez 31
90%
2021/22 (Premier League - 2nd) England CB 24 Joe Gomez 21
90%
2020/21 (Premier League - 3rd) England CB 23 Joe Gomez 12
90%
2019/20 (Premier League - 1st) England CB 22 Joe Gomez 43
90%
2018/19 (Premier League - 2nd) England CB 21 Joe Gomez 25
90%
2017/18 (Premier League - 4th) England CB 20 Joe Gomez 31
90%
2016/17 (Premier League - 4th) England CB 19 Joe Gomez 3
90%
2015/16 (Premier League - 8th) England CB 18 Joe Gomez 7
90%
2024/25 (Premier League - 1st) Netherlands DM 22 Ryan Gravenberch 46
90%
2023/24 (Premier League - 3rd) Netherlands DM 21 Ryan Gravenberch 38 4
90%
2021/22 (Premier League - 2nd) Belgium ST 26 Divock Origi 18 6
88%
2020/21 (Premier League - 3rd) Belgium ST 25 Divock Origi 17 1
88%
2019/20 (Premier League - 1st) Belgium ST 24 Divock Origi 42 6
88%
2018/19 (Premier League - 2nd) Belgium ST 23 Divock Origi 21 7
88%
2017/18 (Premier League - 4th) Belgium ST 22 Divock Origi 1
88%
2016/17 (Premier League - 4th) Belgium ST 21 Divock Origi 43 11
88%
2015/16 (Premier League - 8th) Belgium ST 20 Divock Origi 33 10
88%
2012/13 (Premier League - 7th) England CB 34 Jamie Carragher 38
88%
2011/12 (Premier League - 8th) England CB 33 Jamie Carragher 31
88%
2010/11 (Premier League - 6th) England CB 32 Jamie Carragher 38
88%
2009/10 (Premier League - 7th) England CB 31 Jamie Carragher 53
88%
2008/09 (Premier League - 2nd) England CB 30 Jamie Carragher 54
88%
2007/08 (Premier League - 4th) England CB 29 Jamie Carragher 55
88%
2006/07 (Premier League - 3rd) England CB 28 Jamie Carragher 51 1
88%
2005/06 (Premier League - 3rd) England CB 27 Jamie Carragher 57 1
88%
2004/05 (Premier League - 5th) England CB 26 Jamie Carragher 56
88%
2003/04 (Premier League - 4th) England CB 25 Jamie Carragher 29
88%
2002/03 (Premier League - 5th) England CB 24 Jamie Carragher 54
88%
2001/02 (Premier League - 2nd) England CB 23 Jamie Carragher 53
88%
2000/01 (Premier League - 3rd) England CB 22 Jamie Carragher 58
88%
1999/00 (Premier League - 4th) England CB 21 Jamie Carragher 40
88%
1998/99 (Premier League - 7th) England CB 20 Jamie Carragher 44 1
88%
1997/98 (Premier League - 3rd) England CB 19 Jamie Carragher 23
88%
1996/97 (Premier League - 4th) England CB 18 Jamie Carragher 3 1
88%
2018/19 (Premier League - 2nd) England ST 28 Daniel Sturridge 27 4
86%
2017/18 (Premier League - 4th) England ST 27 Daniel Sturridge 14 3
86%
2016/17 (Premier League - 4th) England ST 26 Daniel Sturridge 27 7
86%
2015/16 (Premier League - 8th) England ST 25 Daniel Sturridge 25 13
86%
2014/15 (Premier League - 6th) England ST 24 Daniel Sturridge 18 5
86%
2013/14 (Premier League - 2nd) England ST 23 Daniel Sturridge 33 25
86%
2012/13 (Premier League - 7th) England ST 22 Daniel Sturridge 16 11
86%
2024/25 (Premier League - 1st) Italy RW 27 Federico Chiesa 12 2
86%
2010/11 (Premier League - 6th) Spain ST 26 Fernando Torres 26 9
86%
2009/10 (Premier League - 7th) Spain ST 25 Fernando Torres 32 22
86%
2008/09 (Premier League - 2nd) Spain ST 24 Fernando Torres 38 17
86%
2007/08 (Premier League - 4th) Spain ST 23 Fernando Torres 46 33
86%
2024/25 (Premier League - 1st) Greece LB 28 Kostas Tsimikas 27
86%
2023/24 (Premier League - 3rd) Greece LB 27 Kostas Tsimikas 25
86%
2022/23 (Premier League - 5th) Greece LB 26 Kostas Tsimikas 28
86%
2021/22 (Premier League - 2nd) Greece LB 25 Kostas Tsimikas 26
86%
2020/21 (Premier League - 3rd) Greece LB 24 Kostas Tsimikas 7
86%
2013/14 (Premier League - 2nd) Uruguay ST 26 Luis Suárez 37 31
86%
2012/13 (Premier League - 7th) Uruguay ST 25 Luis Suárez 44 30
86%
2011/12 (Premier League - 8th) Uruguay ST 24 Luis Suárez 39 17
86%
2010/11 (Premier League - 6th) Uruguay ST 23 Luis Suárez 13 4
86%
2014/15 (Premier League - 6th) England RW 19 Raheem Sterling 52 11
86%
2013/14 (Premier League - 2nd) England RW 18 Raheem Sterling 38 10
86%
2012/13 (Premier League - 7th) England RW 17 Raheem Sterling 36 2
86%
2011/12 (Premier League - 8th) England RW 16 Raheem Sterling 3
86%
2024/25 (Premier League - 1st) Ireland GK 26 Caoimhín Kelleher 20
85%
2023/24 (Premier League - 3rd) Ireland GK 24 Caoimhín Kelleher 26
85%
2022/23 (Premier League - 5th) Ireland GK 23 Caoimhín Kelleher 4
85%
2021/22 (Premier League - 2nd) Ireland GK 22 Caoimhín Kelleher 8
85%
2020/21 (Premier League - 3rd) Ireland GK 21 Caoimhín Kelleher 5
85%
2019/20 (Premier League - 1st) Ireland GK 20 Caoimhín Kelleher 4
85%
2020/21 (Premier League - 3rd) Netherlands CM 29 Georginio Wijnaldum 51 3
85%
2019/20 (Premier League - 1st) Netherlands CM 28 Georginio Wijnaldum 47 6
85%
2018/19 (Premier League - 2nd) Netherlands CM 27 Georginio Wijnaldum 47 5
85%
2017/18 (Premier League - 4th) Netherlands CM 26 Georginio Wijnaldum 50 2
85%
2016/17 (Premier League - 4th) Netherlands CM 25 Georginio Wijnaldum 42 6
85%
2022/23 (Premier League - 5th) Guinea CM 27 Naby Keïta 13
85%
2021/22 (Premier League - 2nd) Guinea CM 26 Naby Keïta 40 4
85%
2020/21 (Premier League - 3rd) Guinea CM 25 Naby Keïta 16
85%
2019/20 (Premier League - 1st) Guinea CM 24 Naby Keïta 27 4
85%
2018/19 (Premier League - 2nd) Guinea CM 23 Naby Keïta 33 3
85%
2012/13 (Premier League - 7th) Spain GK 29 Pepe Reina 39
85%
2011/12 (Premier League - 8th) Spain GK 28 Pepe Reina 46
85%
2010/11 (Premier League - 6th) Spain GK 27 Pepe Reina 50
85%
2009/10 (Premier League - 7th) Spain GK 26 Pepe Reina 52
85%
2008/09 (Premier League - 2nd) Spain GK 25 Pepe Reina 51
85%
2007/08 (Premier League - 4th) Spain GK 24 Pepe Reina 52
85%
2006/07 (Premier League - 3rd) Spain GK 23 Pepe Reina 51
85%
2005/06 (Premier League - 3rd) Spain GK 22 Pepe Reina 53
85%
2024/25 (Premier League - 1st) England AM 22 Harvey Elliott 24 4
83%
2023/24 (Premier League - 3rd) England AM 20 Harvey Elliott 53 4
83%
2022/23 (Premier League - 5th) England AM 19 Harvey Elliott 46 5
83%
2021/22 (Premier League - 2nd) England AM 18 Harvey Elliott 11 1
83%
2020/21 (Premier League - 3rd) England AM 17 Harvey Elliott 1
83%
2019/20 (Premier League - 1st) England AM 16 Harvey Elliott 8
83%
2017/18 (Premier League - 4th) Germany GK 24 Loris Karius 33
81%
2016/17 (Premier League - 4th) Germany GK 23 Loris Karius 16
81%
2018/19 (Premier League - 2nd) Belgium GK 30 Simon Mignolet 2
81%
2017/18 (Premier League - 4th) Belgium GK 29 Simon Mignolet 22
81%
2016/17 (Premier League - 4th) Belgium GK 28 Simon Mignolet 31
81%
2015/16 (Premier League - 8th) Belgium GK 27 Simon Mignolet 55
81%
2014/15 (Premier League - 6th) Belgium GK 26 Simon Mignolet 54
81%
2013/14 (Premier League - 2nd) Belgium GK 25 Simon Mignolet 40
81%
2023/24 (Premier League - 3rd) Spain CM 32 Thiago Alcântara 1
81%
2022/23 (Premier League - 5th) Spain CM 31 Thiago Alcântara 28
81%
2021/22 (Premier League - 2nd) Spain CM 30 Thiago Alcântara 39 2
81%
2020/21 (Premier League - 3rd) Spain CM 29 Thiago Alcântara 30 1
81%
2015/16 (Premier League - 8th) Slovakia CB 30 Martin Škrtel 27 1
80%
2014/15 (Premier League - 6th) Slovakia CB 29 Martin Škrtel 48 1
80%
2013/14 (Premier League - 2nd) Slovakia CB 28 Martin Škrtel 39 7
80%
2012/13 (Premier League - 7th) Slovakia CB 27 Martin Škrtel 33 2
80%
2011/12 (Premier League - 8th) Slovakia CB 26 Martin Škrtel 45 4
80%
2010/11 (Premier League - 6th) Slovakia CB 25 Martin Škrtel 49 2
80%
2009/10 (Premier League - 7th) Slovakia CB 24 Martin Škrtel 29 1
80%
2008/09 (Premier League - 2nd) Slovakia CB 23 Martin Škrtel 30
80%
2007/08 (Premier League - 4th) Slovakia CB 22 Martin Škrtel 20
80%
2003/04 (Premier League - 4th) England ST 23 Michael Owen 38 19
80%
2002/03 (Premier League - 5th) England ST 22 Michael Owen 54 28
80%
2001/02 (Premier League - 2nd) England ST 21 Michael Owen 43 28
80%
2000/01 (Premier League - 3rd) England ST 20 Michael Owen 46 24
80%
1999/00 (Premier League - 4th) England ST 19 Michael Owen 30 12
80%
1998/99 (Premier League - 7th) England ST 18 Michael Owen 40 23
80%
1997/98 (Premier League - 3rd) England ST 17 Michael Owen 44 23
80%
1996/97 (Premier League - 4th) England ST 16 Michael Owen 2 1
80%
2008/09 (Premier League - 2nd) Spain DM 26 Xabi Alonso 47 4
80%
2007/08 (Premier League - 4th) Spain DM 25 Xabi Alonso 27 2
80%
2006/07 (Premier League - 3rd) Spain DM 24 Xabi Alonso 51 4
80%
2005/06 (Premier League - 3rd) Spain DM 23 Xabi Alonso 53 5
80%
2004/05 (Premier League - 5th) Spain DM 22 Xabi Alonso 32 3
80%
2019/20 (Premier League - 1st) Croatia CB 29 Dejan Lovren 15 1
78%
2018/19 (Premier League - 2nd) Croatia CB 28 Dejan Lovren 18 1
78%
2017/18 (Premier League - 4th) Croatia CB 27 Dejan Lovren 43 2
78%
2016/17 (Premier League - 4th) Croatia CB 26 Dejan Lovren 32 2
78%
2015/16 (Premier League - 8th) Croatia CB 25 Dejan Lovren 39 1
78%
2014/15 (Premier League - 6th) Croatia CB 24 Dejan Lovren 38 1
78%
2011/12 (Premier League - 8th) Netherlands RW 30 Dirk Kuyt 44 5
78%
2010/11 (Premier League - 6th) Netherlands RW 29 Dirk Kuyt 41 15
78%
2009/10 (Premier League - 7th) Netherlands RW 28 Dirk Kuyt 53 11
78%
2008/09 (Premier League - 2nd) Netherlands RW 27 Dirk Kuyt 51 15
78%
2007/08 (Premier League - 4th) England RW 26 Dirk Kuyt 48 11
78%
2006/07 (Premier League - 3rd) Netherlands RW 25 Dirk Kuyt 48 14
78%
2017/18 (Premier League - 4th) Germany DM 23 Emre Can 38 6
78%
2016/17 (Premier League - 4th) Germany DM 22 Emre Can 40 5
78%
2015/16 (Premier League - 8th) Germany DM 21 Emre Can 49 2
78%
2014/15 (Premier League - 6th) Germany DM 20 Emre Can 40 1
78%
2017/18 (Premier League - 4th) Brazil AM 25 Philippe Coutinho 20 12
78%
2016/17 (Premier League - 4th) Brazil AM 24 Philippe Coutinho 36 14
78%
2015/16 (Premier League - 8th) Brazil AM 23 Philippe Coutinho 43 12
78%
2014/15 (Premier League - 6th) Brazil AM 22 Philippe Coutinho 52 8
78%
2013/14 (Premier League - 2nd) Brazil AM 21 Philippe Coutinho 37 5
78%
2012/13 (Premier League - 7th) Brazil AM 20 Philippe Coutinho 13 3
78%
2020/21 (Premier League - 3rd) Switzerland AM 28 Xherdan Shaqiri 22 1
78%
2019/20 (Premier League - 1st) Switzerland AM 27 Xherdan Shaqiri 11 1
78%
2018/19 (Premier League - 2nd) Switzerland AM 26 Xherdan Shaqiri 30 6
78%
2007/08 (Premier League - 4th) Norway LB 26 John Arne Riise 44
76%
2006/07 (Premier League - 3rd) Norway LB 25 John Arne Riise 48 5
76%
2005/06 (Premier League - 3rd) Norway LB 24 John Arne Riise 52 4
76%
2004/05 (Premier League - 5th) Norway LB 23 John Arne Riise 57 8
76%
2003/04 (Premier League - 4th) Norway LB 22 John Arne Riise 35
76%
2002/03 (Premier League - 5th) Norway LB 21 John Arne Riise 56 6
76%
2001/02 (Premier League - 2nd) Norway LB 20 John Arne Riise 56 8
76%
2021/22 (Premier League - 2nd) Japan LW 26 Takumi Minamino 24 10
76%
2020/21 (Premier League - 3rd) Japan LW 25 Takumi Minamino 17 4
76%
2019/20 (Premier League - 1st) Japan LW 24 Takumi Minamino 14
76%
2006/07 (Premier League - 3rd) Poland GK 33 Jerzy Dudek 6
75%
2005/06 (Premier League - 3rd) Poland GK 32 Jerzy Dudek 6
75%
2004/05 (Premier League - 5th) Poland GK 31 Jerzy Dudek 41
75%
2003/04 (Premier League - 4th) Poland GK 30 Jerzy Dudek 38
75%
2002/03 (Premier League - 5th) Poland GK 29 Jerzy Dudek 46
75%
2001/02 (Premier League - 2nd) Poland GK 28 Jerzy Dudek 49
75%
2008/09 (Premier League - 2nd) Finland CB 34 Sami Hyypiä 19 2
75%
2007/08 (Premier League - 4th) Finland CB 33 Sami Hyypiä 44 4
75%
2006/07 (Premier League - 3rd) Finland CB 32 Sami Hyypiä 29 3
75%
2005/06 (Premier League - 3rd) Finland CB 31 Sami Hyypiä 59 2
75%
2004/05 (Premier League - 5th) Finland CB 30 Sami Hyypiä 49 3
75%
2003/04 (Premier League - 4th) Finland CB 29 Sami Hyypiä 51 5
75%
2002/03 (Premier League - 5th) Finland CB 28 Sami Hyypiä 56 5
75%
2001/02 (Premier League - 2nd) Finland CB 27 Sami Hyypiä 57 5
75%
2000/01 (Premier League - 3rd) Finland CB 26 Sami Hyypiä 58 4
75%
1999/00 (Premier League - 4th) Finland CB 25 Sami Hyypiä 42 2
75%
2019/20 (Premier League - 1st) England AM 31 Adam Lallana 22 1
73%
2018/19 (Premier League - 2nd) England AM 30 Adam Lallana 16
73%
2017/18 (Premier League - 4th) England AM 29 Adam Lallana 15
73%
2016/17 (Premier League - 4th) England AM 28 Adam Lallana 35 8
73%
2015/16 (Premier League - 8th) England AM 27 Adam Lallana 49 7
73%
2014/15 (Premier League - 6th) England AM 26 Adam Lallana 41 6
73%
2022/23 (Premier League - 5th) England CM 28 Alex Oxlade-Chamberlain 13 1
73%
2021/22 (Premier League - 2nd) England CM 27 Alex Oxlade-Chamberlain 29 3
73%
2020/21 (Premier League - 3rd) England CM 26 Alex Oxlade-Chamberlain 17 1
73%
2019/20 (Premier League - 1st) England CM 25 Alex Oxlade-Chamberlain 43 8
73%
2018/19 (Premier League - 2nd) England CM 24 Alex Oxlade-Chamberlain 2
73%
2017/18 (Premier League - 4th) England CM 23 Alex Oxlade-Chamberlain 42 5
73%
2016/17 (Premier League - 4th) Brazil DM 29 Lucas Leiva 31 1
73%
2015/16 (Premier League - 8th) Brazil DM 28 Lucas Leiva 40
73%
2014/15 (Premier League - 6th) Brazil DM 27 Lucas Leiva 32
73%
2013/14 (Premier League - 2nd) Brazil DM 26 Lucas Leiva 29
73%
2012/13 (Premier League - 7th) Brazil DM 25 Lucas Leiva 31
73%
2011/12 (Premier League - 8th) Brazil DM 24 Lucas Leiva 15
73%
2010/11 (Premier League - 6th) Brazil DM 23 Lucas Leiva 47 1
73%
2009/10 (Premier League - 7th) Brazil DM 22 Lucas Leiva 50 1
73%
2008/09 (Premier League - 2nd) Brazil DM 21 Lucas Leiva 39 3
73%
2007/08 (Premier League - 4th) Brazil DM 20 Lucas Leiva 32 1
73%
2023/24 (Premier League - 3rd) Spain GK 36 Adrián 0
71%
2022/23 (Premier League - 5th) Spain GK 35 Adrián 1
71%
2021/22 (Premier League - 2nd) Spain GK 34 Adrián 1
71%
2020/21 (Premier League - 3rd) Spain GK 33 Adrián 6
71%
2019/20 (Premier League - 1st) Spain GK 32 Adrián 18
71%
2015/16 (Premier League - 8th) Belgium ST 24 Christian Benteke 42 10
71%
2014/15 (Premier League - 6th) England RB 29 Glen Johnson 28 1
71%
2013/14 (Premier League - 2nd) England RB 28 Glen Johnson 30
71%
2012/13 (Premier League - 7th) England RB 27 Glen Johnson 43 2
71%
2011/12 (Premier League - 8th) England RB 26 Glen Johnson 29 1
71%
2010/11 (Premier League - 6th) England RB 25 Glen Johnson 35 2
71%
2009/10 (Premier League - 7th) England RB 24 Glen Johnson 35 3
71%
2018/19 (Premier League - 2nd) England RB 27 Nathaniel Clyne 5
71%
2017/18 (Premier League - 4th) England RB 26 Nathaniel Clyne 5
71%
2016/17 (Premier League - 4th) England RB 25 Nathaniel Clyne 41
71%
2015/16 (Premier League - 8th) England RB 24 Nathaniel Clyne 52 2
71%
2024/25 (Premier League - 1st) Northern Ireland RB 21 Conor Bradley 25
69%
2023/24 (Premier League - 3rd) Northern Ireland RB 19 Conor Bradley 23 1
69%
2021/22 (Premier League - 2nd) Northern Ireland RB 17 Conor Bradley 5
69%
2014/15 (Premier League - 6th) Wales DM 18 MJ Williams 1
69%
2022/23 (Premier League - 5th) England CB 25 Nathaniel Phillips 5
69%
2021/22 (Premier League - 2nd) England CB 24 Nathaniel Phillips 3
69%
2020/21 (Premier League - 3rd) England CB 23 Nathaniel Phillips 20 1
69%
2019/20 (Premier League - 1st) England CB 22 Nathaniel Phillips 1
69%
2021/22 (Premier League - 2nd) Wales RB 20 Neco Williams 8
69%
2020/21 (Premier League - 3rd) Wales RB 19 Neco Williams 14
69%
2019/20 (Premier League - 1st) Wales RB 18 Neco Williams 11
69%
2020/21 (Premier League - 3rd) England CB 19 Rhys Williams 19
69%
2010/11 (Premier League - 6th) Argentina DM 26 Javier Mascherano 1
68%
2009/10 (Premier League - 7th) Argentina DM 25 Javier Mascherano 48 1
68%
2008/09 (Premier League - 2nd) Argentina DM 24 Javier Mascherano 38
68%
2007/08 (Premier League - 4th) Argentina DM 23 Javier Mascherano 41 1
68%
2006/07 (Premier League - 3rd) Argentina DM 22 Javier Mascherano 11
68%
2015/16 (Premier League - 8th) Ivory Coast CB 34 Kolo Touré 26 1
68%
2014/15 (Premier League - 6th) Ivory Coast CB 33 Kolo Touré 21
68%
2013/14 (Premier League - 2nd) Ivory Coast CB 32 Kolo Touré 24
68%
2007/08 (Premier League - 4th) England ST 26 Peter Crouch 37 11
68%
2006/07 (Premier League - 3rd) England ST 25 Peter Crouch 49 18
68%
2005/06 (Premier League - 3rd) England ST 24 Peter Crouch 49 13
68%
2008/09 (Premier League - 2nd) Ireland ST 27 Robbie Keane 28 7
68%
2018/19 (Premier League - 2nd) Spain LB 25 Alberto Moreno 5
66%
2017/18 (Premier League - 4th) Spain LB 24 Alberto Moreno 27
66%
2016/17 (Premier League - 4th) Spain LB 23 Alberto Moreno 18
66%
2015/16 (Premier League - 8th) Spain LB 22 Alberto Moreno 50 1
66%
2014/15 (Premier League - 6th) Spain LB 21 Alberto Moreno 41 2
66%
2013/14 (Premier League - 2nd) Denmark CB 28 Daniel Agger 23 2
66%
2012/13 (Premier League - 7th) Denmark CB 27 Daniel Agger 39 3
66%
2011/12 (Premier League - 8th) Denmark CB 26 Daniel Agger 34 2
66%
2010/11 (Premier League - 6th) Denmark CB 25 Daniel Agger 21
66%
2009/10 (Premier League - 7th) Denmark CB 24 Daniel Agger 36 1
66%
2008/09 (Premier League - 2nd) Denmark CB 23 Daniel Agger 26 2
66%
2007/08 (Premier League - 4th) Denmark CB 22 Daniel Agger 6
66%
2006/07 (Premier League - 3rd) Denmark CB 21 Daniel Agger 43 4
66%
2005/06 (Premier League - 3rd) Denmark CB 20 Daniel Agger 4
66%
2007/08 (Premier League - 4th) Australia LW 28 Harry Kewell 15
66%
2006/07 (Premier League - 3rd) Australia LW 27 Harry Kewell 3 1
66%
2005/06 (Premier League - 3rd) Australia LW 26 Harry Kewell 41 3
66%
2004/05 (Premier League - 5th) Australia LW 25 Harry Kewell 31 1
66%
2003/04 (Premier League - 4th) Australia LW 24 Harry Kewell 49 11
66%
2015/16 (Premier League - 8th) France CB 25 Mamadou Sakho 34 2
66%
2014/15 (Premier League - 6th) France CB 24 Mamadou Sakho 27
66%
2013/14 (Premier League - 2nd) France CB 23 Mamadou Sakho 19 1
66%
2006/07 (Premier League - 3rd) England ST 31 Robbie Fowler 23 7
66%
2005/06 (Premier League - 3rd) England ST 30 Robbie Fowler 16 5
66%
2001/02 (Premier League - 2nd) England ST 26 Robbie Fowler 17 4
66%
2000/01 (Premier League - 3rd) England ST 25 Robbie Fowler 48 17
66%
1999/00 (Premier League - 4th) England ST 24 Robbie Fowler 14 3
66%
1998/99 (Premier League - 7th) England ST 23 Robbie Fowler 35 18
66%
1997/98 (Premier League - 3rd) England ST 22 Robbie Fowler 28 13
66%
1996/97 (Premier League - 4th) England ST 21 Robbie Fowler 44 31
66%
1995/96 (Premier League - 3rd) England ST 20 Robbie Fowler 53 36
66%
1994/95 (Premier League - 4th) England ST 19 Robbie Fowler 57 31
66%
1993/94 (Premier League - 8th) England ST 18 Robbie Fowler 34 18
66%
2010/11 (Premier League - 6th) Netherlands LW 23 Ryan Babel 17 2
66%
2009/10 (Premier League - 7th) Netherlands LW 22 Ryan Babel 38 6
66%
2008/09 (Premier League - 2nd) Netherlands LW 21 Ryan Babel 42 4
66%
2007/08 (Premier League - 4th) Netherlands LW 20 Ryan Babel 49 10
66%
2014/15 (Premier League - 6th) Italy ST 23 Mario Balotelli 28 4
64%
2005/06 (Premier League - 3rd) Czech Republic ST 23 Milan Baroš 2
64%
2004/05 (Premier League - 5th) Czech Republic ST 22 Milan Baroš 45 13
64%
2003/04 (Premier League - 4th) Czech Republic ST 21 Milan Baroš 18 2
64%
2002/03 (Premier League - 5th) Czech Republic ST 20 Milan Baroš 42 12
64%
2001/02 (Premier League - 2nd) Czech Republic ST 19 Milan Baroš 1
64%
2012/13 (Premier League - 7th) England ST 23 Andy Carroll 2
63%
2011/12 (Premier League - 8th) England ST 22 Andy Carroll 47 9
63%
2010/11 (Premier League - 6th) England ST 21 Andy Carroll 9 2
63%
1995/96 (Premier League - 3rd) Wales ST 33 Ian Rush 29 7
63%
1994/95 (Premier League - 4th) Wales ST 32 Ian Rush 50 19
63%
1993/94 (Premier League - 8th) Wales ST 31 Ian Rush 49 19
63%
1992/92 (Premier League - 6th) Wales ST 30 Ian Rush 42 22
63%
2024/25 (Premier League - 1st) England CB 22 Jarell Quansah 23
63%
2023/24 (Premier League - 3rd) England CB 20 Jarell Quansah 33 3
63%
2005/06 (Premier League - 3rd) France ST 23 Djibril Cissé 54 19
61%
2004/05 (Premier League - 5th) France ST 22 Djibril Cissé 25 5
61%
2015/16 (Premier League - 8th) Wales CM 25 Joe Allen 37 3
61%
2014/15 (Premier League - 6th) Wales CM 24 Joe Allen 32 1
61%
2013/14 (Premier League - 2nd) Wales CM 23 Joe Allen 26 1
61%
2012/13 (Premier League - 7th) Wales CM 22 Joe Allen 37 2
61%
2012/13 (Premier League - 7th) England AM 30 Joe Cole 10 2
61%
2010/11 (Premier League - 6th) England AM 28 Joe Cole 32 3
61%
2009/10 (Premier League - 7th) Israel RW 29 Yossi Benayoun 45 9
61%
2008/09 (Premier League - 2nd) Israel RW 28 Yossi Benayoun 42 9
61%
2007/08 (Premier League - 4th) Israel RW 27 Yossi Benayoun 47 11
61%
2008/09 (Premier League - 2nd) Spain RB 25 Álvaro Arbeloa 43 1
59%
2007/08 (Premier League - 4th) Spain RB 24 Álvaro Arbeloa 41
59%
2006/07 (Premier League - 3rd) Spain RB 23 Álvaro Arbeloa 14 1
59%
2012/13 (Premier League - 7th) Scotland CM 26 Charlie Adam 2
58%
2011/12 (Premier League - 8th) Scotland CM 25 Charlie Adam 35 2
58%
2022/23 (Premier League - 5th) Portugal AM 19 Fábio Carvalho 21 3
58%
2011/12 (Premier League - 8th) Argentina LW 30 Maxi Rodríguez 21 6
58%
2010/11 (Premier League - 6th) Argentina LW 29 Maxi Rodríguez 35 10
58%
2009/10 (Premier League - 7th) Argentina LW 28 Maxi Rodríguez 17 1
58%
1998/99 (Premier League - 7th) England RM 26 Steve McManaman 31 5
58%
1997/98 (Premier League - 3rd) England RM 25 Steve McManaman 46 12
58%
1996/97 (Premier League - 4th) England RM 24 Steve McManaman 51 10
58%
1995/96 (Premier League - 3rd) England RM 23 Steve McManaman 53 10
58%
1994/95 (Premier League - 4th) England RM 22 Steve McManaman 55 9
58%
1993/94 (Premier League - 8th) England RM 21 Steve McManaman 34 2
58%
1992/92 (Premier League - 6th) England RM 20 Steve McManaman 40 7
58%
2017/18 (Premier League - 4th) Estonia CB 31 Ragnar Klavan 28 1
56%
2016/17 (Premier League - 4th) Estonia CB 30 Ragnar Klavan 25 1
56%
2015/16 (Premier League - 8th) Australia LB 21 Brad Smith 10 1
54%
2013/14 (Premier League - 2nd) Australia LB 19 Brad Smith 1
54%
2011/12 (Premier League - 8th) Wales LW 31 Craig Bellamy 37 9
54%
2006/07 (Premier League - 3rd) Wales LW 26 Craig Bellamy 42 9
54%
1998/99 (Premier League - 7th) England GK 27 David James 33
54%
1997/98 (Premier League - 3rd) England GK 26 David James 37
54%
1996/97 (Premier League - 4th) England GK 25 David James 52
54%
1995/96 (Premier League - 3rd) England GK 24 David James 53
54%
1994/95 (Premier League - 4th) England GK 23 David James 57
54%
1993/94 (Premier League - 8th) England GK 22 David James 14
54%
1992/92 (Premier League - 6th) England GK 21 David James 31
54%
2005/06 (Premier League - 3rd) Germany DM 31 Dietmar Hamann 32
54%
2004/05 (Premier League - 5th) Germany DM 30 Dietmar Hamann 43 1
54%
2003/04 (Premier League - 4th) Germany DM 29 Dietmar Hamann 35 3
54%
2002/03 (Premier League - 5th) Germany DM 28 Dietmar Hamann 42 2
54%
2001/02 (Premier League - 2nd) Germany DM 27 Dietmar Hamann 48 1
54%
2000/01 (Premier League - 3rd) Germany DM 26 Dietmar Hamann 53 3
54%
1999/00 (Premier League - 4th) Germany DM 25 Dietmar Hamann 30 1
54%
2006/07 (Premier League - 3rd) England RB 20 James Smith 1
54%
1996/97 (Premier League - 4th) England LM 32 John Barnes 47 7
54%
1995/96 (Premier League - 3rd) England LM 31 John Barnes 50 3
54%
1994/95 (Premier League - 4th) England LM 30 John Barnes 50 9
54%
1993/94 (Premier League - 8th) England LM 29 John Barnes 30 3
54%
1992/92 (Premier League - 6th) England LM 28 John Barnes 31 5
54%
2001/02 (Premier League - 2nd) France ST 22 Nicolas Anelka 22 5
54%
2011/12 (Premier League - 8th) Portugal CM 28 Raul Meireles 3
54%
2010/11 (Premier League - 6th) Portugal CM 27 Raul Meireles 41 5
54%
2007/08 (Premier League - 4th) Ireland RB 31 Steve Finnan 35
54%
2006/07 (Premier League - 3rd) Ireland RB 30 Steve Finnan 47
54%
2005/06 (Premier League - 3rd) Ireland RB 29 Steve Finnan 52
54%
2004/05 (Premier League - 5th) Ireland RB 28 Steve Finnan 52 1
54%
2003/04 (Premier League - 4th) Ireland RB 27 Steve Finnan 31
54%
2004/05 (Premier League - 5th) Czech Republic AM 31 Vladimír Šmicer 16 1
54%
2003/04 (Premier League - 4th) Czech Republic AM 30 Vladimír Šmicer 25 4
54%
2002/03 (Premier League - 5th) Czech Republic AM 29 Vladimír Šmicer 34 1
54%
2001/02 (Premier League - 2nd) Czech Republic AM 28 Vladimír Šmicer 35 5
54%
2000/01 (Premier League - 3rd) Czech Republic AM 27 Vladimír Šmicer 49 7
54%
1999/00 (Premier League - 4th) Czech Republic AM 26 Vladimír Šmicer 25 1
54%
2014/15 (Premier League - 6th) Italy LW 23 Fabio Borini 18 1
53%
2012/13 (Premier League - 7th) Italy LW 21 Fabio Borini 20 2
53%
2015/16 (Premier League - 8th) Spain LB 29 José Enrique 3
53%
2014/15 (Premier League - 6th) Spain LB 28 José Enrique 9
53%
2013/14 (Premier League - 2nd) Spain LB 27 José Enrique 9
53%
2012/13 (Premier League - 7th) Spain LB 26 José Enrique 35 2
53%
2011/12 (Premier League - 8th) Spain LB 25 José Enrique 43
53%
2006/07 (Premier League - 3rd) Spain RW 28 Luis García 27 6
53%
2005/06 (Premier League - 3rd) Spain RW 27 Luis García 50 11
53%
2004/05 (Premier League - 5th) Spain RW 26 Luis García 44 13
53%
2020/21 (Premier League - 3rd) Turkey CB 20 Ozan Kabak 13
53%
2014/15 (Premier League - 6th) Serbia RW 20 Lazar Marković 34 3
51%
Managers Scotland 2011 2012 Kenny Dalglish 74 35
47%
2023/24 (Premier League - 3rd) Spain DM 18 Stefan Bajcetic 3
47%
2022/23 (Premier League - 5th) Spain DM 17 Stefan Bajcetic 19 1
47%
2011/12 (Premier League - 8th) Scotland CB 19 Danny Wilson 1
46%
2010/11 (Premier League - 6th) Scotland CB 18 Danny Wilson 8
46%
2020/21 (Premier League - 3rd) Wales RW 23 Harry Wilson 1
46%
2016/17 (Premier League - 4th) Wales RW 19 Harry Wilson 1
46%
2012/13 (Premier League - 7th) England CM 20 Jonjo Shelvey 32 5
46%
2011/12 (Premier League - 8th) England CM 19 Jonjo Shelvey 16 2
46%
2010/11 (Premier League - 6th) England CM 18 Jonjo Shelvey 21
46%
2014/15 (Premier League - 6th) England ST 32 Rickie Lambert 36 3
46%
2012/13 (Premier League - 7th) England LM 27 Stewart Downing 45 5
46%
2011/12 (Premier League - 8th) England LM 26 Stewart Downing 46 2
46%
2013/14 (Premier League - 2nd) Nigeria RW 22 Victor Moses 22 2
46%
2024/25 (Premier League - 1st) Czech Republic GK 23 Vítězslav Jaroš 2
46%
2023/24 (Premier League - 3rd) Scotland RW 17 Ben Doak 5
44%
2022/23 (Premier League - 5th) Scotland RW 16 Ben Doak 5
44%
2017/18 (Premier League - 4th) England ST 24 Danny Ings 14 1
44%
2016/17 (Premier League - 4th) England ST 23 Danny Ings 2
44%
2015/16 (Premier League - 8th) England ST 22 Danny Ings 9 3
44%
2017/18 (Premier League - 4th) England ST 19 Dominic Solanke 27 1
44%
2003/04 (Premier League - 4th) England ST 25 Emile Heskey 47 12
44%
2002/03 (Premier League - 5th) England ST 24 Emile Heskey 52 9
44%
2001/02 (Premier League - 2nd) England ST 23 Emile Heskey 56 14
44%
2000/01 (Premier League - 3rd) England ST 22 Emile Heskey 56 22
44%
1999/00 (Premier League - 4th) England ST 21 Emile Heskey 12 3
44%
2009/10 (Premier League - 7th) Argentina LB 20 Emiliano Insúa 44 1
44%
2008/09 (Premier League - 2nd) Argentina LB 19 Emiliano Insúa 13
44%
2007/08 (Premier League - 4th) Argentina LB 18 Emiliano Insúa 3
44%
2006/07 (Premier League - 3rd) Argentina LB 17 Emiliano Insúa 2
44%
2013/14 (Premier League - 2nd) Spain ST 25 Iago Aspas 15 1
44%
2001/02 (Premier League - 2nd) Finland AM 30 Jari Litmanen 32 7
44%
2000/01 (Premier League - 3rd) Finland AM 29 Jari Litmanen 11 2
44%
Managers Germany 2015 2024 Jürgen Klopp 491 299
44%
2012/13 (Premier League - 7th) Uruguay CB 21 Sebastián Coates 12 1
44%
2011/12 (Premier League - 8th) Uruguay CB 20 Sebastián Coates 12 1
44%
2010/11 (Premier League - 6th) Italy CM 25 Alberto Aquilani 2
42%
2009/10 (Premier League - 7th) Italy CM 24 Alberto Aquilani 26 2
42%
Managers Netherlands 2024 Now Arne Slot 52 38
42%
2003/04 (Premier League - 4th) Senegal ST 22 El Hadji Diouf 33
42%
2002/03 (Premier League - 5th) Senegal ST 21 El Hadji Diouf 47 6
42%
2005/06 (Premier League - 3rd) Spain ST 29 Fernando Morientes 46 9
42%
2004/05 (Premier League - 5th) Spain ST 28 Fernando Morientes 15 3
42%
2017/18 (Premier League - 4th) England RB 24 Jon Flanagan 1
42%
2015/16 (Premier League - 8th) England RB 22 Jon Flanagan 8
42%
2013/14 (Premier League - 2nd) England RB 20 Jon Flanagan 25 1
42%
2012/13 (Premier League - 7th) England RB 19 Jon Flanagan 2
42%
2011/12 (Premier League - 8th) England RB 18 Jon Flanagan 8
42%
2010/11 (Premier League - 6th) England RB 17 Jon Flanagan 7
42%
1998/99 (Premier League - 7th) Ireland CB 27 Phil Babb 30
42%
1997/98 (Premier League - 3rd) Ireland CB 26 Phil Babb 22
42%
1996/97 (Premier League - 4th) Ireland CB 25 Phil Babb 31 1
42%
1995/96 (Premier League - 3rd) Ireland CB 24 Phil Babb 40
42%
1994/95 (Premier League - 4th) Ireland CB 23 Phil Babb 47
42%
2022/23 (Premier League - 5th) Scotland RB 18 Calvin Ramsay 2
41%
2019/20 (Premier League - 1st) Wales AM 21 Isaac Christie-Davies 1
41%
2008/09 (Premier League - 2nd) England RW 25 Jermaine Pennant 4
41%
2007/08 (Premier League - 4th) England RW 24 Jermaine Pennant 25 2
41%
2006/07 (Premier League - 3rd) England RW 23 Jermaine Pennant 52 1
41%
2015/16 (Premier League - 8th) England RW 19 Jordon Ibe 41 4
41%
2014/15 (Premier League - 6th) England RW 18 Jordon Ibe 14
41%
2013/14 (Premier League - 2nd) England RW 17 Jordon Ibe 2
41%
2012/13 (Premier League - 7th) England RW 16 Jordon Ibe 1
41%
1998/99 (Premier League - 7th) England CM 30 Paul Ince 41 9
41%
1997/98 (Premier League - 3rd) England CM 29 Paul Ince 40 8
41%
Managers Spain 2004 2010 Rafael Benítez 350 194
41%
2010/11 (Premier League - 6th) England RW 18 Tom Ince 1
41%
1993/94 (Premier League - 8th) Zimbabwe GK 35 Bruce Grobbelaar 36
39%
1992/92 (Premier League - 6th) Zimbabwe GK 34 Bruce Grobbelaar 10
39%
2003/04 (Premier League - 4th) England CM 26 Danny Murphy 42 8
39%
2002/03 (Premier League - 5th) England CM 25 Danny Murphy 56 12
39%
2001/02 (Premier League - 2nd) England CM 24 Danny Murphy 56 8
39%
2000/01 (Premier League - 3rd) England CM 23 Danny Murphy 47 10
39%
1999/00 (Premier League - 4th) England CM 22 Danny Murphy 27 6
39%
1998/99 (Premier League - 7th) England CM 21 Danny Murphy 4
39%
1997/98 (Premier League - 3rd) England CM 20 Danny Murphy 17
39%
2017/18 (Premier League - 4th) Wales GK 24 Danny Ward 1
39%
2015/16 (Premier League - 8th) Wales GK 22 Danny Ward 2
39%
2014/15 (Premier League - 6th) Wales GK 21 Danny Ward 0
39%
2005/06 (Premier League - 3rd) Mali LB 25 Djimi Traoré 24
39%
2004/05 (Premier League - 5th) Mali LB 24 Djimi Traoré 42
39%
2003/04 (Premier League - 4th) Mali LB 23 Djimi Traoré 11 1
39%
2002/03 (Premier League - 5th) Mali LB 22 Djimi Traoré 49
39%
2001/02 (Premier League - 2nd) Mali LB 21 Djimi Traoré 1
39%
2000/01 (Premier League - 3rd) Mali LB 20 Djimi Traoré 12
39%
1999/00 (Premier League - 4th) Mali LB 19 Djimi Traoré 2
39%
2011/12 (Premier League - 8th) Brazil LB 31 Fábio Aurélio 3
39%
2010/11 (Premier League - 6th) Brazil LB 30 Fábio Aurélio 21
39%
2009/10 (Premier League - 7th) Brazil LB 29 Fábio Aurélio 23
39%
2008/09 (Premier League - 2nd) Brazil LB 28 Fábio Aurélio 33 3
39%
2007/08 (Premier League - 4th) Brazil LB 27 Fábio Aurélio 28 1
39%
2006/07 (Premier League - 3rd) Brazil LB 26 Fábio Aurélio 25
39%
2024/25 (Premier League - 1st) England ST 19 Jayden Danns 4 1
39%
2023/24 (Premier League - 3rd) England ST 17 Jayden Danns 5 2
39%
2012/13 (Premier League - 7th) England DM 23 Jay Spearing 3
39%
2011/12 (Premier League - 8th) England DM 22 Jay Spearing 25
39%
2010/11 (Premier League - 6th) England DM 21 Jay Spearing 20
39%
2009/10 (Premier League - 7th) England DM 20 Jay Spearing 5
39%
2008/09 (Premier League - 2nd) England DM 19 Jay Spearing 2
39%
1997/98 (Premier League - 3rd) England CB 33 Mark Wright 7
39%
1996/97 (Premier League - 4th) England CB 32 Mark Wright 43 2
39%
1995/96 (Premier League - 3rd) England CB 31 Mark Wright 42 2
39%
1994/95 (Premier League - 4th) England CB 30 Mark Wright 6
39%
1993/94 (Premier League - 8th) England CB 29 Mark Wright 36 1
39%
1992/92 (Premier League - 6th) England CB 28 Mark Wright 41 4
39%
2012/13 (Premier League - 7th) Turkey DM 23 Nuri Şahin 12 3
39%
2001/02 (Premier League - 2nd) England RB 21 Stephen Wright 17 1
39%
2000/01 (Premier League - 3rd) England RB 20 Stephen Wright 4
39%
2017/18 (Premier League - 4th) Wales AM 17 Ben Woodburn 2
37%
2016/17 (Premier League - 4th) Wales AM 16 Ben Woodburn 9 1
37%
2023/24 (Premier League - 3rd) England CM 18 Bobby Clark 12 1
37%
2022/23 (Premier League - 5th) England CM 17 Bobby Clark 2
37%
2010/11 (Premier League - 6th) Denmark DM 30 Christian Poulsen 21
37%
2020/21 (Premier League - 3rd) Serbia DM 24 Marko Grujić 2 1
37%
2017/18 (Premier League - 4th) Serbia DM 21 Marko Grujić 6
37%
2016/17 (Premier League - 4th) Serbia DM 20 Marko Grujić 8
37%
2002/03 (Premier League - 5th) Germany RB 29 Markus Babbel 7
37%
2001/02 (Premier League - 2nd) Germany RB 28 Markus Babbel 6
37%
2000/01 (Premier League - 3rd) Germany RB 27 Markus Babbel 60 6
37%
2024/25 (Premier League - 1st) England DM 22 Tyler Morton 5
37%
2021/22 (Premier League - 2nd) England DM 18 Tyler Morton 9
37%
2009/10 (Premier League - 7th) Spain LM 27 Albert Riera 16
36%
2008/09 (Premier League - 2nd) Spain LM 26 Albert Riera 40 5
36%
2009/10 (Premier League - 7th) Ukraine ST 29 Andriy Voronin 12
36%
2007/08 (Premier League - 4th) Ukraine ST 27 Andriy Voronin 28 6
36%
2001/02 (Premier League - 2nd) England CM 28 Jamie Redknapp 8 2
36%
1999/00 (Premier League - 4th) England CM 26 Jamie Redknapp 23 3
36%
1998/99 (Premier League - 7th) England CM 25 Jamie Redknapp 40 10
36%
1997/98 (Premier League - 3rd) England CM 24 Jamie Redknapp 26 5
36%
1996/97 (Premier League - 4th) England CM 23 Jamie Redknapp 32 4
36%
1995/96 (Premier League - 3rd) England CM 22 Jamie Redknapp 33 4
36%
1994/95 (Premier League - 4th) England CM 21 Jamie Redknapp 55 6
36%
1993/94 (Premier League - 8th) England CM 20 Jamie Redknapp 41 4
36%
1992/92 (Premier League - 6th) England CM 19 Jamie Redknapp 40 3
36%
2007/08 (Premier League - 4th) Mali DM 22 Mohamed Sissoko 14 1
36%
2006/07 (Premier League - 3rd) Mali DM 21 Mohamed Sissoko 28
36%
2005/06 (Premier League - 3rd) Mali DM 20 Mohamed Sissoko 45
36%
2002/03 (Premier League - 5th) Czech Republic AM 28 Patrik Berger 4 1
36%
2001/02 (Premier League - 2nd) Czech Republic AM 27 Patrik Berger 31 1
36%
2000/01 (Premier League - 3rd) Czech Republic AM 26 Patrik Berger 21 2
36%
1999/00 (Premier League - 4th) Czech Republic AM 25 Patrik Berger 37 9
36%
1998/99 (Premier League - 7th) Czech Republic AM 24 Patrik Berger 41 9
36%
1997/98 (Premier League - 3rd) Czech Republic AM 23 Patrik Berger 28 4
36%
1996/97 (Premier League - 4th) Czech Republic AM 22 Patrik Berger 34 9
36%
2015/16 (Premier League - 8th) Hungary GK 27 Ádám Bogdán 6
34%
2010/11 (Premier League - 6th) France ST 21 David Ngog 38 8
34%
2009/10 (Premier League - 7th) France ST 20 David Ngog 37 8
34%
2008/09 (Premier League - 2nd) France ST 19 David Ngog 19 3
34%
2001/02 (Premier League - 2nd) Scotland CM 36 Gary McAllister 38 2
34%
2000/01 (Premier League - 3rd) Scotland CM 35 Gary McAllister 49 7
34%
2013/14 (Premier League - 2nd) Spain AM 20 Luis Alberto 12
34%
2019/20 (Premier League - 1st) Netherlands CB 17 Sepp van den Berg 4
34%
1999/00 (Premier League - 4th) United States GK 28 Brad Friedel 4
32%
1998/99 (Premier League - 7th) United States GK 27 Brad Friedel 16
32%
1997/98 (Premier League - 3rd) United States GK 26 Brad Friedel 11
32%
Managers Northern Ireland 2012 2015 Brendan Rodgers 166 83
32%
Managers France 1998 2004 Gérard Houllier 325 167
32%
2023/24 (Premier League - 3rd) England RW 18 Kaide Gordon 3
32%
2021/22 (Premier League - 2nd) England RW 16 Kaide Gordon 4 1
32%
2013/14 (Premier League - 2nd) France LB 25 Aly Cissokho 19
31%
2009/10 (Premier League - 7th) Italy LM 27 Andrea Dossena 5
31%
2008/09 (Premier League - 2nd) Italy LM 26 Andrea Dossena 26 2
31%
2006/07 (Premier League - 3rd) Netherlands LW 29 Boudewijn Zenden 30
31%
2005/06 (Premier League - 3rd) Netherlands LW 28 Boudewijn Zenden 17 2
31%
2023/24 (Premier League - 3rd) Wales LB 20 Owen Beck 1
31%
2021/22 (Premier League - 2nd) Wales LB 18 Owen Beck 2
31%
2010/11 (Premier League - 6th) England LB 29 Paul Konchesky 18
31%
1996/97 (Premier League - 4th) England ST 25 Stan Collymore 37 16
31%
1995/96 (Premier League - 3rd) England ST 24 Stan Collymore 44 19
31%
2004/05 (Premier League - 5th) Switzerland CB 29 Stéphane Henchoz 4
31%
2003/04 (Premier League - 4th) Switzerland CB 28 Stéphane Henchoz 27
31%
2002/03 (Premier League - 5th) Switzerland CB 27 Stéphane Henchoz 32
31%
2001/02 (Premier League - 2nd) Switzerland CB 26 Stéphane Henchoz 56
31%
2000/01 (Premier League - 3rd) Switzerland CB 25 Stéphane Henchoz 53
31%
1999/00 (Premier League - 4th) Switzerland CB 24 Stéphane Henchoz 33
31%
2014/15 (Premier League - 6th) Spain RW 20 Suso 1 1
31%
2012/13 (Premier League - 7th) Spain RW 18 Suso 20
31%
2024/25 (Premier League - 1st) England CM 17 Trey Nyoni 5
31%
2023/24 (Premier League - 3rd) England CM 16 Trey Nyoni 1
31%
2022/23 (Premier League - 5th) Brazil DM 25 Arthur Melo 1
29%
2000/01 (Premier League - 3rd) Germany LM 28 Christian Ziege 32 2
29%
2006/07 (Premier League - 3rd) France SS 21 Florent Sinama Pongolle 1
29%
2005/06 (Premier League - 3rd) France SS 20 Florent Sinama Pongolle 16 3
29%
2004/05 (Premier League - 5th) France SS 19 Florent Sinama Pongolle 25 4
29%
2003/04 (Premier League - 4th) France SS 18 Florent Sinama Pongolle 23 2
29%
2016/17 (Premier League - 4th) Jamaica DM 22 Kevin Stewart 9
29%
2015/16 (Premier League - 8th) Jamaica DM 21 Kevin Stewart 11
29%
2022/23 (Premier League - 5th) England ST 19 Layton Stewart 1
29%
2023/24 (Premier League - 3rd) Wales LW 17 Lewis Koumas 1 1
29%
2013/14 (Premier League - 2nd) England RB 23 Martin Kelly 8
29%
2012/13 (Premier League - 7th) England RB 22 Martin Kelly 7
29%
2011/12 (Premier League - 8th) England RB 21 Martin Kelly 20 1
29%
2010/11 (Premier League - 6th) England RB 20 Martin Kelly 23
29%
2009/10 (Premier League - 7th) England RB 19 Martin Kelly 3
29%
2008/09 (Premier League - 2nd) England RB 18 Martin Kelly 1
29%
1995/96 (Premier League - 3rd) England AM 29 Nigel Clough 2
29%
1994/95 (Premier League - 4th) England AM 28 Nigel Clough 11 1
29%
1993/94 (Premier League - 8th) England AM 27 Nigel Clough 31 8
29%
1993/94 (Premier League - 8th) England AM 28 Paul Stewart 11
29%
1992/92 (Premier League - 6th) England AM 27 Paul Stewart 31 3
29%
Managers England 2010 2011 Roy Hodgson 31 13
29%
2001/02 (Premier League - 2nd) Netherlands GK 26 Sander Westerveld 3
29%
2000/01 (Premier League - 3rd) Netherlands GK 25 Sander Westerveld 61
29%
1999/00 (Premier League - 4th) Netherlands GK 24 Sander Westerveld 39
29%
2005/06 (Premier League - 3rd) England GK 19 Scott Carson 4
29%
2004/05 (Premier League - 5th) England GK 18 Scott Carson 5
29%
2010/11 (Premier League - 6th) Greece CB 30 Sotirios Kyrgiakos 28 2
29%
2009/10 (Premier League - 7th) Greece CB 29 Sotirios Kyrgiakos 21 1
29%
2004/05 (Premier League - 5th) England GK 23 Chris Kirkland 14
27%
2003/04 (Premier League - 4th) England GK 22 Chris Kirkland 12
27%
2002/03 (Premier League - 5th) England GK 21 Chris Kirkland 15
27%
2001/02 (Premier League - 2nd) England GK 20 Chris Kirkland 4
27%
1999/00 (Premier League - 4th) England CM 21 David Thompson 31 3
27%
1998/99 (Premier League - 7th) England CM 20 David Thompson 18 1
27%
1997/98 (Premier League - 3rd) England CM 19 David Thompson 5 1
27%
1996/97 (Premier League - 4th) England CM 18 David Thompson 2
27%
2012/13 (Premier League - 7th) England LB 18 Jack Robinson 6
27%
2011/12 (Premier League - 8th) England LB 17 Jack Robinson 2
27%
2010/11 (Premier League - 6th) England LB 16 Jack Robinson 2
27%
2009/10 (Premier League - 7th) England LB 15 Jack Robinson 1
27%
2024/25 (Premier League - 1st) England CM 20 James McConnell 4
27%
2023/24 (Premier League - 3rd) England CM 18 James McConnell 9
27%
2014/15 (Premier League - 6th) Spain RB 20 Javier Manquillo 19
27%
1999/00 (Premier League - 4th) Germany ST 33 Karl-Heinz Riedle 2 2
27%
1998/99 (Premier League - 7th) Germany ST 32 Karl-Heinz Riedle 40 6
27%
1997/98 (Premier League - 3rd) Germany ST 31 Karl-Heinz Riedle 34 7
27%
2019/20 (Premier League - 1st) Netherlands RB 17 Ki-Jana Hoever 3 1
27%
2018/19 (Premier League - 2nd) Netherlands RB 16 Ki-Jana Hoever 1
27%
2020/21 (Premier League - 3rd) England ST 20 Rhian Brewster 1
27%
2019/20 (Premier League - 1st) England ST 19 Rhian Brewster 3
27%
2000/01 (Premier League - 3rd) Cameroon CB 24 Rigobert Song 4
27%
1999/00 (Premier League - 4th) Cameroon CB 23 Rigobert Song 21
27%
1998/99 (Premier League - 7th) Cameroon CB 22 Rigobert Song 13
27%
1994/95 (Premier League - 4th) Scotland RB 32 Steve Nicol 5
27%
1993/94 (Premier League - 8th) Scotland RB 31 Steve Nicol 35 1
27%
1992/92 (Premier League - 6th) Scotland RB 30 Steve Nicol 39
27%
1998/99 (Premier League - 7th) Norway LB 28 Stig Inge Bjørnebye 31
27%
1997/98 (Premier League - 3rd) Norway LB 27 Stig Inge Bjørnebye 32
27%
1996/97 (Premier League - 4th) Norway LB 26 Stig Inge Bjørnebye 52 4
27%
1995/96 (Premier League - 3rd) Norway LB 25 Stig Inge Bjørnebye 2
27%
1994/95 (Premier League - 4th) Norway LB 24 Stig Inge Bjørnebye 44
27%
1993/94 (Premier League - 8th) Norway LB 23 Stig Inge Bjørnebye 10
27%
1992/92 (Premier League - 6th) Norway LB 22 Stig Inge Bjørnebye 13
27%
Managers Scotland 1991 1994 Graeme Souness 157 66
25%
2010/11 (Premier League - 6th) Serbia LW 29 Milan Jovanović 18 2
25%
2024/25 (Premier League - 1st) England LW 16 Rio Ngumoha 1
25%
2015/16 (Premier League - 8th) Sierra Leone CB 23 Steven Caulker 4
25%
2000/01 (Premier League - 3rd) Norway RB 24 Vegard Heggem 4
25%
1999/00 (Premier League - 4th) Norway RB 23 Vegard Heggem 24 1
25%
1998/99 (Premier League - 7th) Norway RB 22 Vegard Heggem 36 2
25%
2002/03 (Premier League - 5th) Portugal RB 29 Abel Xavier 6
24%
2001/02 (Premier League - 2nd) Portugal RB 28 Abel Xavier 15 2
24%
1997/98 (Premier League - 3rd) England CM 29 Michael Thomas 13 1
24%
1996/97 (Premier League - 4th) England CM 28 Michael Thomas 42 3
24%
1995/96 (Premier League - 3rd) England CM 27 Michael Thomas 37 2
24%
1994/95 (Premier League - 4th) England CM 26 Michael Thomas 29
24%
1993/94 (Premier League - 8th) England CM 25 Michael Thomas 7
24%
1992/92 (Premier League - 6th) England CM 24 Michael Thomas 13 1
24%
2001/02 (Premier League - 2nd) England LM 27 Nick Barmby 12
24%
2000/01 (Premier League - 3rd) England LM 26 Nick Barmby 46 8
24%
1993/94 (Premier League - 8th) Ireland CM 31 Ronnie Whelan 23 1
24%
1992/92 (Premier League - 6th) Ireland CM 30 Ronnie Whelan 18 1
24%
Managers England 1994 1998 Roy Evans 244 124
24%
1994/95 (Premier League - 4th) Denmark CM 30 Jan Mølby 16 2
22%
1993/94 (Premier League - 8th) Denmark CM 29 Jan Mølby 13 3
22%
1992/92 (Premier League - 6th) Denmark CM 28 Jan Mølby 13 3
22%
1998/99 (Premier League - 7th) Ireland RM 27 Jason McAteer 22
22%
1997/98 (Premier League - 3rd) Ireland RM 26 Jason McAteer 26 2
22%
1996/97 (Premier League - 4th) Ireland RM 25 Jason McAteer 51 1
22%
1995/96 (Premier League - 3rd) Ireland RM 24 Jason McAteer 40 3
22%
2006/07 (Premier League - 3rd) Chile LW 21 Mark González 36 3
22%
1997/98 (Premier League - 3rd) Ireland LM 21 Mark Kennedy 1
22%
1996/97 (Premier League - 4th) Ireland LM 20 Mark Kennedy 7
22%
1995/96 (Premier League - 3rd) Ireland LM 19 Mark Kennedy 6
22%
1994/95 (Premier League - 4th) Ireland LM 18 Mark Kennedy 6
22%
2012/13 (Premier League - 7th) Morocco LW 23 Oussama Assaidi 12
22%
1998/99 (Premier League - 7th) Norway CM 27 Øyvind Leonhardsen 13 1
22%
1997/98 (Premier League - 3rd) Norway CM 26 Øyvind Leonhardsen 36 6
22%
2012/13 (Premier League - 7th) Hungary GK 22 Péter Gulácsi 0
22%
2010/11 (Premier League - 6th) Hungary GK 20 Péter Gulácsi 0
22%
1993/94 (Premier League - 8th) Israel LW 29 Ronny Rosenthal 3
22%
1992/92 (Premier League - 6th) Israel LW 28 Ronny Rosenthal 36 7
22%
2004/05 (Premier League - 5th) Senegal DM 27 Salif Diao 14 1
22%
2003/04 (Premier League - 4th) Senegal DM 26 Salif Diao 7
22%
2002/03 (Premier League - 5th) Senegal DM 25 Salif Diao 40 2
22%
2016/17 (Premier League - 4th) England RW 19 Sheyi Ojo 2
22%
2015/16 (Premier League - 8th) England RW 18 Sheyi Ojo 11 1
22%
2006/07 (Premier League - 3rd) England LB 24 Stephen Warnock 7
22%
2005/06 (Premier League - 3rd) England LB 23 Stephen Warnock 30 1
22%
2004/05 (Premier League - 5th) England LB 22 Stephen Warnock 30
22%
2007/08 (Premier League - 4th) England GK 21 David Martin 0
20%
1992/92 (Premier League - 6th) Wales ST 28 Dean Saunders 7 2
20%
2011/12 (Premier League - 8th) Brazil GK 31 Doni 4
20%
2004/05 (Premier League - 5th) Croatia DM 26 Igor Bišćan 35 2
20%
2003/04 (Premier League - 4th) Croatia DM 25 Igor Bišćan 39
20%
2002/03 (Premier League - 5th) Croatia DM 24 Igor Bišćan 13
20%
2001/02 (Premier League - 2nd) Croatia DM 23 Igor Bišćan 10
20%
2000/01 (Premier League - 3rd) Croatia DM 22 Igor Bišćan 21 1
20%
2004/05 (Premier League - 5th) England ST 21 Neil Mellor 16 5
20%
2002/03 (Premier League - 5th) England ST 19 Neil Mellor 6 1
20%
1997/98 (Premier League - 3rd) England CB 29 Neil Ruddock 4
20%
1996/97 (Premier League - 4th) England CB 28 Neil Ruddock 22 1
20%
1995/96 (Premier League - 3rd) England CB 27 Neil Ruddock 28 5
20%
1994/95 (Premier League - 4th) England CB 26 Neil Ruddock 52 2
20%
1993/94 (Premier League - 8th) England CB 25 Neil Ruddock 46 4
20%
2000/01 (Premier League - 3rd) Ireland LB 31 Steve Staunton 2
20%
1999/00 (Premier League - 4th) Ireland LB 30 Steve Staunton 16 1
20%
1998/99 (Premier League - 7th) Ireland LB 29 Steve Staunton 40
20%
2013/14 (Premier League - 2nd) England RB 20 Andre Wisdom 3
19%
2012/13 (Premier League - 7th) England RB 19 Andre Wisdom 19 1
19%
2003/04 (Premier League - 4th) France CM 25 Bruno Cheyrou 19 4
19%
2002/03 (Premier League - 5th) France CM 24 Bruno Cheyrou 29 1
19%
2015/16 (Premier League - 8th) England ST 18 Jerome Sinclair 2 1
19%
2014/15 (Premier League - 6th) England ST 17 Jerome Sinclair 2
19%
2012/13 (Premier League - 7th) England ST 15 Jerome Sinclair 1
19%
1996/97 (Premier League - 4th) England CB 29 John Scales 7
19%
1995/96 (Premier League - 3rd) England CB 28 John Scales 38 1
19%
1994/95 (Premier League - 4th) England CB 27 John Scales 49 3
19%
2009/10 (Premier League - 7th) Morocco RW 22 Nabil El Zhar 7
19%
2008/09 (Premier League - 2nd) Morocco RW 21 Nabil El Zhar 19
19%
2007/08 (Premier League - 4th) Morocco RW 20 Nabil El Zhar 3 1
19%
2006/07 (Premier League - 3rd) Morocco RW 19 Nabil El Zhar 3
19%
2018/19 (Premier League - 2nd) Portugal RW 18 Rafael Camacho 2
19%
2024/25 (Premier League - 1st) England CB 18 Amara Nallo 1
17%
2005/06 (Premier League - 3rd) France ST 20 Anthony Le Tallec 2
17%
2004/05 (Premier League - 5th) France ST 19 Anthony Le Tallec 7
17%
2003/04 (Premier League - 4th) France ST 18 Anthony Le Tallec 23 1
17%
2021/22 (Premier League - 2nd) France CB 18 Billy Koumetio 1
17%
2020/21 (Premier League - 3rd) France CB 17 Billy Koumetio 1
17%
1993/94 (Premier League - 8th) England LB 24 David Burrows 4
17%
1992/92 (Premier League - 6th) England LB 23 David Burrows 40 2
17%
1999/00 (Premier League - 4th) Scotland LB 25 Dominic Matteo 34 1
17%
1998/99 (Premier League - 7th) Scotland LB 24 Dominic Matteo 23 1
17%
1997/98 (Premier League - 3rd) Scotland LB 23 Dominic Matteo 33
17%
1996/97 (Premier League - 4th) Scotland LB 22 Dominic Matteo 38
17%
1995/96 (Premier League - 3rd) Scotland LB 21 Dominic Matteo 6
17%
1994/95 (Premier League - 4th) Scotland LB 20 Dominic Matteo 8
17%
1993/94 (Premier League - 8th) Scotland LB 19 Dominic Matteo 13
17%
1994/95 (Premier League - 4th) England LM 30 Mark Walters 23
17%
1993/94 (Premier League - 8th) England LM 29 Mark Walters 20
17%
1992/92 (Premier League - 6th) England LM 28 Mark Walters 44 13
17%
2023/24 (Premier League - 3rd) Poland AM 19 Mateusz Musiałowski 1
17%
2016/17 (Premier League - 4th) England LM 18 Ovie Ejaria 8
17%
2019/20 (Premier League - 1st) Spain DM 22 Pedro Chirivella 6
17%
2015/16 (Premier League - 8th) Spain DM 18 Pedro Chirivella 5
17%
2009/10 (Premier League - 7th) Switzerland RB 26 Philipp Degen 11
17%
2008/09 (Premier League - 2nd) Switzerland RB 25 Philipp Degen 2
17%
1999/00 (Premier League - 4th) Guinea ST 26 Titi Camara 37 10
17%
1998/99 (Premier League - 7th) Norway CB 26 Bjørn Tore Kvarme 8
15%
1997/98 (Premier League - 3rd) Norway CB 25 Bjørn Tore Kvarme 30
15%
1996/97 (Premier League - 4th) Norway CB 24 Bjørn Tore Kvarme 16
15%
2009/10 (Premier League - 7th) Spain CB 18 Daniel Ayala 5
15%
2010/11 (Premier League - 6th) Brazil GK 27 Diego Cavalieri 2
15%
2009/10 (Premier League - 7th) Brazil GK 26 Diego Cavalieri 4
15%
2008/09 (Premier League - 2nd) Brazil GK 25 Diego Cavalieri 4
15%
2006/07 (Premier League - 3rd) Netherlands RB 25 Jan Kromkamp 1
15%
2005/06 (Premier League - 3rd) Netherlands RB 24 Jan Kromkamp 17
15%
1993/94 (Premier League - 8th) England LB 24 Julian Dicks 28 3
15%
1998/99 (Premier League - 7th) England LB 26 Steve Harkness 11
15%
1997/98 (Premier League - 3rd) England LB 25 Steve Harkness 31
15%
1996/97 (Premier League - 4th) England LB 24 Steve Harkness 10
15%
1995/96 (Premier League - 3rd) England LB 23 Steve Harkness 33 2
15%
1994/95 (Premier League - 4th) England LB 22 Steve Harkness 8 1
15%
1993/94 (Premier League - 8th) England LB 21 Steve Harkness 15
15%
1992/92 (Premier League - 6th) England LB 20 Steve Harkness 12 1
15%
2012/13 (Premier League - 7th) England CB 19 Conor Coady 2
14%
2009/10 (Premier League - 7th) France DM 21 Damien Plessis 1
14%
2008/09 (Premier League - 2nd) France DM 20 Damien Plessis 5 1
14%
2007/08 (Premier League - 4th) France DM 19 Damien Plessis 2
14%
1993/94 (Premier League - 8th) Scotland AM 22 Don Hutchison 15
14%
1992/92 (Premier League - 6th) Scotland AM 21 Don Hutchison 42 10
14%
2005/06 (Premier League - 3rd) Spain RB 25 Josemi 12
14%
2004/05 (Premier League - 5th) Spain RB 24 Josemi 23 5
14%
2023/24 (Premier League - 3rd) England LB 19 Luke Chambers 4
14%
2022/23 (Premier League - 5th) Germany RW 18 Melkamu Frauendorf 1
14%
2021/22 (Premier League - 2nd) Germany RW 17 Melkamu Frauendorf 1
14%
1993/94 (Premier League - 8th) England RM 23 Mike Marsh 2 1
14%
1992/92 (Premier League - 6th) England RM 22 Mike Marsh 41 4
14%
2012/13 (Premier League - 7th) Germany ST 18 Samed Yeşil 2
14%
2019/20 (Premier League - 1st) Algeria LB 18 Yasser Larouci 2
14%
2019/20 (Premier League - 1st) England LB 19 Adam Lewis 1
12%
2016/17 (Premier League - 4th) England RB 20 Connor Randall 1
12%
2015/16 (Premier League - 8th) England RB 19 Connor Randall 7
12%
2012/13 (Premier League - 7th) Spain AM 21 Dani Pacheco 3
12%
2010/11 (Premier League - 6th) Spain AM 19 Dani Pacheco 7
12%
2009/10 (Premier League - 7th) Spain AM 18 Dani Pacheco 7
12%
2005/06 (Premier League - 3rd) England RB 20 David Raven 1
12%
2004/05 (Premier League - 5th) England RB 19 David Raven 3
12%
2006/07 (Premier League - 3rd) Italy CB 20 Gabriel Paletta 8 1
12%
2024/25 (Premier League - 1st) Zimbabwe RB 20 Isaac Mabaya 1
12%
2015/16 (Premier League - 8th) Portugal AM 22 João Teixeira 7 1
12%
2013/14 (Premier League - 2nd) Portugal AM 20 João Teixeira 1
12%
2015/16 (Premier League - 8th) England DM 18 Jordan Rossiter 4
12%
2014/15 (Premier League - 6th) England DM 17 Jordan Rossiter 1 1
12%
2020/21 (Premier League - 3rd) England CM 18 Leighton Clarkson 1
12%
2019/20 (Premier League - 1st) England CM 17 Leighton Clarkson 2
12%
1992/92 (Premier League - 6th) England GK 28 Mike Hooper 15
12%
2002/03 (Premier League - 5th) France GK 29 Pegguy Arphexad 0
12%
2001/02 (Premier League - 2nd) France GK 28 Pegguy Arphexad 4
12%
2000/01 (Premier League - 3rd) France GK 27 Pegguy Arphexad 2
12%
1998/99 (Premier League - 7th) Germany ST 25 Sean Dundee 5
12%
2015/16 (Premier League - 8th) Spain LW 18 Sergi Canós 1
12%
2001/02 (Premier League - 2nd) France LW 27 Bernard Diomède 1
10%
2000/01 (Premier League - 3rd) France LW 26 Bernard Diomède 4
10%
2015/16 (Premier League - 8th) England CM 19 Cameron Brannagan 9
10%
2007/08 (Premier League - 4th) Cameroon GK 24 Charles Itandje 7
10%
2006/07 (Premier League - 3rd) Italy GK 20 Daniele Padelli 1
10%
2000/01 (Premier League - 3rd) Netherlands ST 30 Erik Meijer 3
10%
1999/00 (Premier League - 4th) Netherlands ST 29 Erik Meijer 23 2
10%
2002/03 (Premier League - 5th) France LB 20 Grégory Vignal 4
10%
2001/02 (Premier League - 2nd) France LB 19 Grégory Vignal 9
10%
2000/01 (Premier League - 3rd) France LB 18 Grégory Vignal 7
10%
2019/20 (Premier League - 1st) Canada LW 19 Liam Millar 1
10%
2004/05 (Premier League - 5th) Argentina CB 32 Mauricio Pellegrino 13
10%
2010/11 (Premier League - 6th) England ST 19 Nathan Eccleston 7
10%
2009/10 (Premier League - 7th) England ST 18 Nathan Eccleston 2
10%
2010/11 (Premier League - 6th) England RB 21 Stephen Darby 1
10%
2009/10 (Premier League - 7th) England RB 20 Stephen Darby 3
10%
2008/09 (Premier League - 2nd) England RB 19 Stephen Darby 2
10%
2015/16 (Premier League - 8th) Portugal CB 22 Tiago Ilori 3
10%
2005/06 (Premier League - 3rd) Ireland CM 20 Darren Potter 7
8%
2004/05 (Premier League - 5th) Ireland CM 19 Darren Potter 10
8%
2021/22 (Premier League - 2nd) England RW 17 Harvey Blair 1
8%
2019/20 (Premier League - 1st) England CM 20 Herbie Kane 2
8%
1992/92 (Premier League - 6th) Hungary CM 27 István Kozma 3
8%
2007/08 (Premier League - 4th) England CB 18 Jack Hobbs 5
8%
2021/22 (Premier League - 2nd) England LB 18 James Norris 1
8%
2019/20 (Premier League - 1st) England LB 16 James Norris 1
8%
1998/99 (Premier League - 7th) France DM 29 Jean-Michel Ferri 2
8%
2004/05 (Premier League - 5th) England CM 20 John Welsh 7
8%
2003/04 (Premier League - 4th) England CM 19 John Welsh 2
8%
2002/03 (Premier League - 5th) England CM 18 John Welsh 1
8%
2015/16 (Premier League - 8th) England LW 18 Ryan Kent 1
8%
2007/08 (Premier League - 4th) Argentina LW 20 Sebastián Leto 4
8%
2024/25 (Premier League - 1st) Ireland LW 18 Trent Koné-Doherty 1
8%
2012/13 (Premier League - 7th) England ST 18 Adam Morgan 3
7%
2023/24 (Premier League - 3rd) England LB 18 Calum Scanlon 2
7%
2021/22 (Premier League - 2nd) England CM 20 Elijah Dixon-Bonner 2
7%
2019/20 (Premier League - 1st) England CM 18 Elijah Dixon-Bonner 1
7%
2020/21 (Premier League - 3rd) England CM 18 Jake Cain 0
7%
2019/20 (Premier League - 1st) England CM 17 Jake Cain 1
7%
2015/16 (Premier League - 8th) England LB 19 Joe Maguire 1
7%
2003/04 (Premier League - 4th) England RB 20 Jon Otsemobor 5
7%
2002/03 (Premier League - 5th) England RB 19 Jon Otsemobor 1
7%
2021/22 (Premier League - 2nd) England ST 17 Max Woltman 2
7%
2019/20 (Premier League - 1st) Scotland LB 19 Tony Gallacher 1
7%
1996/97 (Premier League - 4th) Trinidad & Tobago GK 22 Tony Warner 0
7%
1995/96 (Premier League - 3rd) Trinidad & Tobago GK 21 Tony Warner 0
7%
1994/95 (Premier League - 4th) Trinidad & Tobago GK 20 Tony Warner 0
7%
2005/06 (Premier League - 3rd) United States CB 21 Zak Whitbread 3
7%
2004/05 (Premier League - 5th) United States CB 20 Zak Whitbread 4
7%
2006/07 (Premier League - 3rd) England CM 19 Danny Guthrie 7
5%
2001/02 (Premier League - 2nd) Norway CB 23 Frode Kippe 1
5%
1999/00 (Premier League - 4th) Norway CB 21 Frode Kippe 1
5%
1999/00 (Premier League - 4th) Denmark GK 28 Jørgen Nielsen 0
5%
1997/98 (Premier League - 3rd) Denmark GK 26 Jørgen Nielsen 0
5%
2004/05 (Premier League - 5th) England LW 19 Mark Smyth 1
5%
2006/07 (Premier League - 3rd) Spain CB 17 Miki Roqué 1
5%
2019/20 (Premier League - 1st) Wales CB 18 Morgan Boyes 2
5%
2004/05 (Premier League - 5th) Ireland RM 23 Richie Partridge 2
5%
2000/01 (Premier League - 3rd) Ireland RM 19 Richie Partridge 1
5%
1993/94 (Premier League - 8th) Denmark CB 30 Torben Piechnik 1
5%
1992/92 (Premier League - 6th) Denmark CB 29 Torben Piechnik 23
5%
2005/06 (Premier League - 3rd) Spain RB 18 Antonio Barragán 1
3%
2010/11 (Premier League - 6th) England RW 19 David Amoo 1
3%
2019/20 (Premier League - 1st) England LM 17 Jack Bearne 1
3%
2019/20 (Premier League - 1st) England ST 20 Joe Hardy 1
3%
1999/00 (Premier League - 4th) England ST 20 Jon Newby 4
3%
2010/11 (Premier League - 6th) Finland ST 18 Lauri Dalla Valle 1
3%
1999/00 (Premier League - 4th) Wales CM 19 Layton Maxwell 1 1
3%
2019/20 (Premier League - 1st) England AM 18 Luis Longstaff 1
3%
1994/95 (Premier League - 4th) Denmark GK 19 Michael Stensgaard 0
3%
1992/92 (Premier League - 6th) England CB 27 Nick Tanner 10
3%
2003/04 (Premier League - 4th) France GK 22 Patrice Luzi 1
3%
1992/92 (Premier League - 6th) England CM 17 Phil Charnock 2
3%
2006/07 (Premier League - 3rd) England RB 19 Lee Peltier 4
2%
No matching quizzes found
Score Distribution
Percent of People with Each Score
Percentile by Number Answered
Your Score History
You have not taken this quiz